000
00294nam a2200121Ia 4500
008
190216s9999||||xx |||||||||||||| ||und||
100
_a
Jain D P
245
0
_a
Comprehensive Question Bank For Ix
260
_b
Laxmi Publication Ltd
_c
2003
300
_a
378
650
_a
Economics
942
_c
REF
999
_c
36731
_d
36731